INNOTEC (Запис № 421641)

МАРК-запис
000 -Лідер
fixed length control field 01245nam a22002417a 4500
003 - Ідентифікатор контрольного номера
control field UA-OsUOA
001 - Контрольний номер
control field 133044
007 - Фіксоване поле фізичного опису
fixed length control field ta
008 - Елементи даних фіксованої довжини – загальна інформація
fixed length control field 20180926b un ||||| |||| 00| 0 ukr d
090 ## - Локальний шифр розміщення
Авторський знак (НП) I-65
040 ## - Джерело каталогізації
Агенція оригінальної каталогізації UA-OsUOA
Агенція, яка здійснювала перезапис UA-OsUOA
Агенція, яка здійснювала модифікацію UA-OsUOA
022 ## - Міжнародний стандартний серіальний номер (ISSN)
Міжнародний стандартний серіальний номер (ISSN) 1688-6593
245 ## - Відомості про назву
Назва (НП) INNOTEC
Дані про відповідальність (НП) Direccion Dr. Jorge Silveira, Laboratorio Tecnologico del Uruguay (LATU), Uruguay
260 ## - Публікація, розповсюдження і т.п. (Вихідні дані)
Дата публікації, розповсюдження і т.п. (П) 2010
246 31 - Інша форма назви
Назва (НП) 1
Номер частини/ розділ роботи (П)
520 3# - Резюме і т.п.
Резюме, реферат, анотація, тощо (НП) Comunicamos que la convocatoria para el proximo numero se extendera hasta el 30 de setiembre de 2018.Este numero abordara las siguientes areas tematicas: tecnologia alimentaria, metrologia, medioambiente y forestales. INNOTEC es una revista di
520 3# - Резюме і т.п.
Резюме, реферат, анотація, тощо (НП) gital arbitrada del Laboratorio Tecnologico del Uruguay (LATU), de acceso abierto. La informacion relativa a nuestro proceso editorial se encuentra disponible en este sitio, donde pueden acceder a los requisitos de publicacion y a nuestro archivo.Q
520 3# - Резюме і т.п.
Резюме, реферат, анотація, тощо (НП) uedamos a disposicion para ampliar cualquier informacion a traves de los siguientes contactos: mbarrien@latu.org.uy y ditec@latu.org.uy o al telefono 26013724 interno 1350.
650 #7 - Додаткове предметне введення – тематичний термін
Джерело заголовка чи терміна UDC
856 40 - Електронне місцезнаходження та доступ
Уніфікований ідентифікатор ресурсу (П) http://ojs.latu.org.uy/index.php/INNOTEC/issue/view/10
942 ## - Додаткові елементи входу (Коха)
Тип елемента Koha Номер журналу
955 ## - Код типу видання за змістом
Код типу видання за змістом (НП) Наукові видання

Немає доступних примірників.